ბათუმის შოთა რუსთაველის სახელმწიფო უნივერსიტეტის ბიბლიოთეკა

Statistics Without Tears : (ბიბ.ჩანაწერი № 54416)

000 -LEADER
fixed length control field 00800nam a2200265Ia 4500
001 - CONTROL NUMBER
control field 21472
003 - CONTROL NUMBER IDENTIFIER
control field GE_BSU
005 - DATE AND TIME OF LATEST TRANSACTION
control field 20221111162202.0
008 - FIXED-LENGTH DATA ELEMENTS--GENERAL INFORMATION
fixed length control field 181216s2014||||enk|||||||||||||| ||eng||
020 ## - INTERNATIONAL STANDARD BOOK NUMBER
International Standard Book Number 9781494926939x
040 ## - CATALOGING SOURCE
Transcribing agency GE_BSU
041 ## - LANGUAGE CODE
Language code of text/sound track or separate title eng
080 ## - UNIVERSAL DECIMAL CLASSIFICATION NUMBER
Universal Decimal Classification number 338.48 B-92
100 ## - MAIN ENTRY--PERSONAL NAME
Personal name Buchin, Stanley I.
9 (RLIN) 12960
245 ## - TITLE STATEMENT
Title Statistics Without Tears :
Remainder of title Quantitative Analysis and Forecasting in Hospitality & Tourism /
Statement of responsibility, etc. Stanley I. Buchin.
264 ## - PRODUCTION, PUBLICATION, DISTRIBUTION, MANUFACTURE, AND COPYRIGHT NOTICE
Place of production, publication, distribution, manufacture USA :
Name of producer, publisher, distributor, manufacturer [?],
Date of production, publication, distribution, manufacture, or copyright notice 2014.
300 ## - PHYSICAL DESCRIPTION
Extent 169 p. ;
Dimensions 23 cm.
500 ## - GENERAL NOTE
General note Index p. : 165-169
653 ## - INDEX TERM--UNCONTROLLED
keyword Statistics Without Tears
653 ## - INDEX TERM--UNCONTROLLED
keyword Quantitative Analysis and Forecasting in Hospitality & Tourism
653 ## - INDEX TERM--UNCONTROLLED
keyword Экономика
653 ## - INDEX TERM--UNCONTROLLED
keyword ეკონომიკა
942 ## - ADDED ENTRY ELEMENTS (KOHA)
Koha item type წიგნი
Source of classification or shelving scheme
ეგზემპლარები
Withdrawn status Lost status Source of classification or shelving scheme Damaged status Not for loan Permanent Location Current Location Shelving location Date acquired Cost, normal purchase price Full call number Barcode Date last seen Copy number Price effective from Koha item type Public note
          ბათუმის შოთა რუსთაველის სახელმწიფო უნივერსიტეტის მთავარი ბიბლიოთეკა ბათუმის შოთა რუსთაველის სახელმწიფო უნივერსიტეტის მთავარი ბიბლიოთეკა წიგნსაცავი 2018-12-17 149.00 338.48 B-92 55446 2018-12-17 55446 2018-12-17 წიგნი 149.00 GEL.
          ბათუმის შოთა რუსთაველის სახელმწიფო უნივერსიტეტის მთავარი ბიბლიოთეკა ბათუმის შოთა რუსთაველის სახელმწიფო უნივერსიტეტის მთავარი ბიბლიოთეკა წიგნსაცავი 2018-12-17 149.00 338.48 B-92 55447 2018-12-17 55447 2018-12-17 წიგნი 149.00 GEL.
          ბათუმის შოთა რუსთაველის სახელმწიფო უნივერსიტეტის მთავარი ბიბლიოთეკა ბათუმის შოთა რუსთაველის სახელმწიფო უნივერსიტეტის მთავარი ბიბლიოთეკა წიგნსაცავი 2018-12-17 149.00 338.48 B-92 55448 2018-12-17 55448 2018-12-17 წიგნი 149.00 GEL.